Advanced engineering mathematics /

Guardado en:
Autor Principal: Kreyszig, Erwin.
Formato: Libro
Idioma:English
Publicado: New York : Wiley, c1993.
Edición:7th ed.
Materias:
Etiquetas: Agregar Etiqueta
Sin Etiquetas, Sea el primero en etiquetar este registro!
LEADER 01839cam a2200241 a 4500
001 MAT.inmabb006611
008 920129s1993####nyua#####b####001#0#eng##
005 20190909122630.0
245 1 0 |a Advanced engineering mathematics /  |c Erwin Kreyszig. 
250 |a 7th ed. 
260 |a New York :  |b Wiley,  |c c1993. 
300 |a 1 v. (varias paginaciones) :  |b il. (algunas col.) ;  |c 27 cm. 
504 |a Incluye referencias bibliográficas e índice. 
505 0 |a 1. First-Order Differential Equations. -- 2. Second-Order Linear Differential Equations. -- 3. Higher Order Linear Differential Equations. -- 4. Systems of Differential Equations: Phase Plane, Stability. -- 5. Series Solutions of Differential Equations: Special Functions. -- 6. Laplace Transforms. -- 7. Linear Algebra: Matrices, Vectors, Determinants. -- 8. Vector Differential Calculus: Grad, Div, Curl. -- 9. Vector Integral Calculus: Integral Theorems. -- 10. Fourier Series, Integrals, and Transforms. -- 11. Partial Differential Equations. -- 12. Complex Numbers, Complex Analytic Functions. -- 13. Complex Integration. -- 14. Power Series, Taylor Series, Laurent Series. -- 15. Residue Integration Method. -- 16. Conformal Mapping. -- 17. Complex Analysis Applied to Potential Theory. -- 18. Numerical Methods in General. -- 19. Numerical Methods in Linear Algebra. -- 20. Numerical Methods for Differential Equations. -- 21. Unconstrained Optimization, Linear Programming. -- 22. Graphs and Combinatorial Optimization. -- 23. Probability Theory. -- 24. Mathematical Statistics. 
510 4 |a MR,  |c MR1190925 
020 |a 0471553808 (hardcover) 
100 1 |a Kreyszig, Erwin. 
650 0 |a Mathematical physics. 
650 0 |a Engineering mathematics. 
084 |a 00A06  |2 msc2000 
010 |a  92006989  
040 |a DLC  |c DLC  |d DLC 
859 |h 00A06  |i K92-7  |p A-7047  |b BIB. MATEMATICA